| 000 | 01636nam a2200385 i 4500 | ||
|---|---|---|---|
| 001 | 000044834 | ||
| 003 | DO-SdBNP | ||
| 005 | 20240927113451.0 | ||
| 007 | ta | ||
| 008 | 150113s2014 dr 000 0 spa d | ||
| 020 | _a9789945462678 (obra completa) | ||
| 020 | _a9789945462692 (v.2) | ||
| 020 | _a9789945462715 (v.4) | ||
| 020 | _a9789945462722 (v.5) | ||
| 020 | _a9789945462739 (v.6) | ||
| 040 |
_aDO-SdBNP _bspa _cBNPHU _erda |
||
| 082 | 4 |
_a922.27293 _bH764i _222 |
|
| 245 | 0 | 0 |
_aHombres de Iglesia / _ceditor, Rafael Bello Peguero ; cuidado de edición, José Chez Checo. |
| 250 | _aPrimera edición | ||
| 264 |
_aSanto Domingo : _bComisión Permanente de Efemérides Patria, _c2014. |
||
| 300 |
_a6 volumenes ; _c26 cm. |
||
| 336 |
_atexto _btxt _2rdacontent |
||
| 337 |
_asin mediación _bn _2rdamedia |
||
| 338 |
_avolumen _bnc _2rdacarrier |
||
| 500 | _aIncluye datos biográficos del editor en las solapas | ||
| 500 | _aIncluye referencias bibliográficas y notas al pie de las páginas | ||
| 505 | 0 |
_a volumen 1-- _tObispos Siglo XIX -- _gvolumen 2-- _tObispos Siglo XX -- _gvolumen 3-- _tObispos Siglo XX -- _gvolumen 4-- _tSacerdotes Siglo XIX-- _gvolumen 5-- _tSacerdotes Siglo XX _gvolumen 6-- _tSacerdotes Siglo XX. |
|
| 590 | _aInventariado, 2024/BT | ||
| 650 | 4 |
_aIglesia católica _zRepública Dominicana _xClero _vBiografías _986645 |
|
| 650 | 4 |
_aIglesia católica _zRepública Dominicana _xObispos _vBiografías _986646 |
|
| 700 | 1 |
_aBello Peguero, Rafael, _d1932-2022 _eeditor _4ed. _92405 |
|
| 700 | 1 |
_aChez Checo, José, _eeditor _4ed. _980381 |
|
| 910 | _aValidado. Control de calidad MFF | ||
| 942 |
_2ddc _cLBS1 |
||
| 999 |
_c44323 _d44323 |
||